Listening to grass-hoppers : (Record no. 589246)

000 -LEADER
fixed length control field 01630cam a2200409 a 4500
001 - CONTROL NUMBER
control field 15864444
003 - CONTROL NUMBER IDENTIFIER
control field Nust
005 - DATE AND TIME OF LATEST TRANSACTION
control field 20220420110035.0
008 - FIXED-LENGTH DATA ELEMENTS--GENERAL INFORMATION
fixed length control field 090724s2009 ii b 001 0 eng
010 ## - LIBRARY OF CONGRESS CONTROL NUMBER
LC control number 2009346532
020 ## - INTERNATIONAL STANDARD BOOK NUMBER
International Standard Book Number 9780241144626
025 ## - OVERSEAS ACQUISITION NUMBER
Overseas acquisition number I-E-2009-346532; 63-90; 71-90
035 ## - SYSTEM CONTROL NUMBER
System control number (IN-NdUBS) 2009346532
037 ## - SOURCE OF ACQUISITION
Source of stock number/acquisition Library of Congress -- New Delhi Overseas Office
038 ## - RECORD CONTENT LICENSOR
Staff Name Muhammad Ibrahim
040 ## - CATALOGING SOURCE
Original cataloging agency DLC
Transcribing agency DLC
Modifying agency DLC
042 ## - AUTHENTICATION CODE
Authentication code lcode
043 ## - GEOGRAPHIC AREA CODE
Geographic area code a-ii---
050 00 - LIBRARY OF CONGRESS CALL NUMBER
Classification number DS422.C64
Item number R69 2009
082 ## - DEWEY DECIMAL CLASSIFICATION NUMBER
Classification number 320.54
Author Mark ROY 2011
100 1# - MAIN ENTRY--PERSONAL NAME
Personal name Roy, Arundhati.
9 (RLIN) 12936
245 10 - TITLE STATEMENT
Title Listening to grass-hoppers :
Remainder of title field notes on democracy /
Statement of responsibility, etc. Arundhati Roy.
246 18 - VARYING FORM OF TITLE
Title proper/short title Listening to grasshoppers
260 ## - PUBLICATION, DISTRIBUTION, ETC.
Place of publication, distribution, etc. New Delhi :
Name of publisher, distributor, etc. Hamish Hamilton an imprint of Penguin Books,
Date of publication, distribution, etc. 2009.
300 ## - PHYSICAL DESCRIPTION
Extent xxxvii, 256 p. ;
Dimensions 22 cm.
504 ## - BIBLIOGRAPHY, ETC. NOTE
Bibliography, etc. note Includes bibliographical references (p. 211-238) and index.
520 ## - SUMMARY, ETC.
Summary, etc. With special reference to various topics related to anti-democratic issue of communalism, division between Muslims and Hindus, state sponsored terrorism, terrorist attacks, and emergence of Hindutva in India; articles previously published in several journals and books.
563 ## - BINDING INFORMATION
Binding note H.B
650 #0 - SUBJECT ADDED ENTRY--TOPICAL TERM
Topical term or geographic name entry element Communalism
Geographic subdivision India.
9 (RLIN) 35665
650 #0 - SUBJECT ADDED ENTRY--TOPICAL TERM
Topical term or geographic name entry element Hindus
Geographic subdivision India.
9 (RLIN) 91062
650 #0 - SUBJECT ADDED ENTRY--TOPICAL TERM
Topical term or geographic name entry element Muslims
Geographic subdivision India.
9 (RLIN) 5655
650 #0 - SUBJECT ADDED ENTRY--TOPICAL TERM
Topical term or geographic name entry element Hindutva
Geographic subdivision India.
9 (RLIN) 91063
650 #0 - SUBJECT ADDED ENTRY--TOPICAL TERM
Topical term or geographic name entry element Terrorism
Geographic subdivision India.
9 (RLIN) 35664
906 ## - LOCAL DATA ELEMENT F, LDF (RLIN)
a 7
b cbc
c origode
d 3
e ncip
f 20
g y-gencatlg
942 ## - ADDED ENTRY ELEMENTS (KOHA)
Source of classification or shelving scheme
Koha item type Book
Holdings
Withdrawn status Lost status Source of classification or shelving scheme Damaged status Not for loan Permanent Location Current Location Shelving location Date acquired Total Checkouts Full call number Barcode Date last seen Price effective from Koha item type
          Centre for International Peace & Stability (CIPS) Centre for International Peace & Stability (CIPS) General Stacks 04/14/2022   320.54 ROY 2011 CIPSD0000690 04/20/2022 04/20/2022 Book
© 2023 Central Library, National University of Sciences and Technology. All Rights Reserved.